[Event "BCF-ch"]
[Site "Torquay"]
[Date "1998.??.??"]
[Round "1"]
[White "Wells, Peter K"]
[Black "Coleman, David"]
[Result "1-0"]
[WhiteElo "2530"]
[BlackElo "2240"]

1.e4 c5 2.Nc3 Nc6 3.Nf3 e5 4.Bc4 Be7 5.d3 d6 6.Nd2 Nf6 7.Nf1 Bg4 8.f3 Bd7
9.Ne3 O-O 10.a3 Nd4 11.Ba2 Rc8 12.O-O Be6 13.Bd2 Qd7 14.Ncd5 Bd8 15.Kh1 Nh5
16.c3 Nc6 17.b4 Ne7 18.Bb3 Kh8 19.Rb1 cxb4 20.axb4 Bxd5 21.Nxd5 Nxd5 22.Bxd5 Nf6
23.Bb3 Bb6 24.f4 Ng4 25.Ba4 Rc6 26.Bxc6 bxc6 27.Qe2 f5 28.fxe5 dxe5 29.Qxg4  1-0

[Event "BCF-ch"]
[Site "Torquay"]
[Date "1998.??.??"]
[Round "2"]
[White "Houska, Jovanka"]
[Black "Smith, Alan A"]
[Result "1-0"]
[WhiteElo "2185"]
[BlackElo "2280"]

1.e4 c5 2.Nc3 Nc6 3.Bb5 g6 4.Bxc6 dxc6 5.d3 Bg7 6.Be3 b6 7.Qd2 Nf6 8.h3 Ba6
9.a4 Qd7 10.Nf3 h6 11.a5 g5 12.axb6 axb6 13.O-O Qe6 14.Nh2 Bb7 15.Rxa8+ Bxa8
16.Na4 Nd7 17.Nxb6 Nxb6 18.Qa5 O-O 19.Qxb6 c4 20.Nf3 cxd3 21.cxd3 Qd6 22.d4 Rb8
23.Qa7 Qb4 24.Nd2 Rd8 25.Qc7 Re8 26.Qd7 Kf8 27.f4 Qxb2 28.fxg5 hxg5 29.Nc4 Qe2
30.Rxf7+ Kxf7 31.Nd6+ Kf6 32.Qf5+  1-0

[Event "Trinec op9798"]
[Site "Trinec"]
[Date "1998.??.??"]
[Round "?"]
[White "Sikorova, Olga"]
[Black "Staszko, Martin"]
[Result "1-0"]
[WhiteElo "2190"]
[BlackElo "2075"]

1.e4 c5 2.Nc3 Nc6 3.Nf3 Nf6 4.d4 cxd4 5.Nxd4 e5 6.Ndb5 d6 7.Bg5 a6 8.Na3 b5
9.Nd5 Be7 10.Bxf6 Bxf6 11.c3 Bg5 12.g3 O-O 13.Bg2 Be6 14.O-O Rb8 15.Nc2 a5
16.Qd3 Ne7 17.Nxe7+ Qxe7 18.Rfd1 Rfd8 19.Ne3 Bc4 20.Nxc4 bxc4 21.Qxc4 Rxb2
22.Rab1 Rdb8 23.Rxb2 Rxb2 24.a4 g6 25.h4 Qa7 26.Rf1 Bh6 27.Qd3 Rd2 28.Qf3 Qb6
29.Bh3 Qa7 30.Bc8 Ra2 31.Bh3 Rxa4 32.Qf6 Bf8 33.Rb1 Ra2 34.Bc8 Be7 35.Qf3 d5
36.Rb7 Qc5 37.exd5 Rd2 38.c4 f5 39.Be6+ Kg7 40.h5 a4 41.hxg6 hxg6 42.Bxf5 a3
43.Bxg6 Kxg6 44.Rb8 Kg7 45.Qg4+ Kh7 46.Qg8+ Kh6 47.Qh8+ Kg5 48.Rg8+  1-0

[Event "Trinec op9798"]
[Site "Trinec"]
[Date "1998.??.??"]
[Round "?"]
[White "Gazik, Igor"]
[Black "Likavsky, Tomas"]
[Result "0-1"]
[WhiteElo "2395"]
[BlackElo "2240"]

1.e4 c5 2.Nf3 Nc6 3.Nc3 e5 4.Bc4 d6 5.d3 Be7 6.O-O Nf6 7.Bg5 O-O 8.a3 Ne8
9.Bxe7 Nxe7 10.b4 b6 11.h3 Nc7 12.bxc5 bxc5 13.Rb1 Bd7 14.Nd2 Ng6 15.Bd5 Nxd5
16.Nxd5 Bc6 17.Nc4 f5 18.exf5 Rxf5 19.Qg4 Nh4 20.Nde3 h5 21.Qg3 Rf4 22.Rb2 Kh7
23.Rfb1 Kh6 24.Rb7 g5 25.f3 Qf6 26.Rc7 d5 27.Rxc6 Qxc6 28.Nxe5  0-1

[Event "POL-ch U20 Girls"]
[Site "Trzebinia"]
[Date "1998.??.??"]
[Round "10"]
[White "Kucypera, Anna"]
[Black "Zawadzka, Magdalena"]
[Result "0-1"]
[WhiteElo "2140"]
[BlackElo "2050"]

1.e4 c5 2.Nf3 Nc6 3.Nc3 e5 4.Bc4 Be7 5.d3 d6 6.Nd5 Bg4 7.c3 Nf6 8.O-O O-O
9.Ne3 Bh5 10.Re1 Kh8 11.Nf5 Bg4 12.Ne3 Bh5 13.h3 Qd7 14.Nf5 Rab8 15.Ng3 b5
16.Bb3 Bg6 17.Bg5 h6 18.Bc1 Nh7 19.a4 b4 20.Be3 h5 21.Nf1 h4 22.N1d2 Bh5
23.Bc4 Qc8 24.Bb5 Nd8 25.d4 bxc3 26.bxc3 Ne6 27.dxe5 dxe5 28.Qc2 Bf6 29.Be2 g5
30.Nc4 Nf4 31.Bxf4 exf4 32.e5 Be7 33.Nxg5 Nxg5 34.Bxh5 Nxh3+ 35.Kh2 Ng5 36.Qd3 h3
37.gxh3 Rd8 38.Qf1 Qf5 39.Bg4 Qg6 40.Rad1 Ne4 41.Rc1 Bh4 42.Rc2 Ng3 43.fxg3 Qxc2+
44.Re2 Bxg3+ 45.Kg2 Qxc3 46.Nd6 Kg8 47.Qd1 f3+ 48.Bxf3 Bxe5  0-1

[Event "Turku We TSY"]
[Site "Turku"]
[Date "1998.??.??"]
[Round "3"]
[White "Kiik, Kalle"]
[Black "Holmsten, Aleksei"]
[Result "0-1"]
[WhiteElo "2445"]
[BlackElo "2425"]

1.e4 c5 2.Nf3 Nc6 3.Nc3 g6 4.d4 cxd4 5.Nxd4 Bg7 6.Be3 d6 7.Be2 Nf6 8.Nb3 O-O
9.f4 a6 10.g4 b5 11.g5 Nd7 12.O-O Bb7 13.Bd3 Rc8 14.Qe2 Nb4 15.f5 d5 16.Nxd5 Nxd5
17.exd5 Bxd5 18.Rad1 Ba8 19.c3 Qc7 20.Nd2 Nc5 21.Bxc5 Qxc5+ 22.Qf2 Qxf2+
23.Rxf2 Rfd8 24.Bb1 b4 25.fxg6 hxg6 26.Rff1 bxc3 27.bxc3 Bxc3 28.Ne4 Be5
29.h4 Kg7 30.Kf2 Rh8 31.Rh1 Bc6 32.Ke3 Rb8 33.Rc1 Bd5 34.Bd3 Rb4 35.Rc2 a5
36.Rh3 Ra4 37.Nc3 Bxc3 38.Rxc3 Rhxh4 39.Rxh4 Rxh4 40.Rc5 Bxa2 41.Rxa5 Be6
42.Re5 Rh3+ 43.Kd4 Rg3 44.Be2 Bg4 45.Bxg4 Rxg4+ 46.Ke3 e6 47.Ra5 Rb4 48.Kf3 Rd4
49.Ra8 Rd3+ 50.Kf4 Rd1 51.Re8 Rg1 52.Re7 Kf8 53.Ra7 e5+ 54.Kxe5 Rxg5+ 55.Kf4 Rb5
56.Kg4 Kg7 57.Rc7 Rd5 58.Kf4 Kf6 59.Rc6+ Ke7 60.Ra6 Rd6 61.Ra7+ Kf6 62.Ra4 g5+
63.Kg4 Kg6  0-1

[Event "Vienna op 13th"]
[Site "Vienna"]
[Date "1998.??.??"]
[Round "?"]
[White "Schumi, Manfred"]
[Black "Borek, Jutta"]
[Result "1-0"]
[WhiteElo "2260"]
[BlackElo "2070"]

1.e4 c5 2.Nf3 Nc6 3.Nc3 d6 4.d4 cxd4 5.Nxd4 a6 6.Be3 Nf6 7.Be2 e5 8.Nb3 b5
9.a4 b4 10.Nd5 Nxd5 11.exd5 Na5 12.Nxa5 Qxa5 13.O-O Be7 14.c4 bxc3 15.bxc3 O-O
16.Rb1 Qxc3 17.Bb6 Bf5 18.Rc1 Qb4 19.a5 Bg5 20.Rc4 Qa3 21.h4 Bd8 22.Qd2 h6
23.Rfc1 Bxb6 24.axb6 Rab8 25.Rb4 a5 26.Rb5 a4 27.b7 Be4 28.Kh2 Bf5 29.Rb4 Bd7
30.Bd1 f5 31.Rc7 Be8 32.Be2 Qa1 33.Rc1 Qa3 34.Rc2 Bd7 35.Ra2  1-0

[Event "Vienna op 13th"]
[Site "Vienna"]
[Date "1998.??.??"]
[Round "?"]
[White "Wells, Peter K"]
[Black "Borriss, Martin"]
[Result "1/2-1/2"]
[WhiteElo "2530"]
[BlackElo "2430"]

1.e4 c5 2.Nc3 Nc6 3.Bb5 g6 4.Bxc6 dxc6 5.d3 Bg7 6.Be3 b6 7.Qd2 e5 8.Nge2 Qe7
9.O-O Nf6 10.Bh6 O-O 11.Bxg7 Kxg7 12.Rae1 Nh5 13.f4 f6 14.f5 g5 15.h4 h6
16.hxg5 hxg5 17.Kf2 Rh8 18.Rh1 Bd7 19.g3 Rh7 20.Rh2 Rah8 21.Reh1 Kg8 22.Qe3 Be8
23.Nd1 Bf7 24.b3 Ng7 25.Rxh7 Rxh7 26.Rxh7 Kxh7 27.g4 Ne8 28.Ng1 Nc7 29.Nc3 Na6
30.Ke1 Qd8 31.Nf3 Kg7 32.Kf2 Nb4 33.Qd2 Qh8 34.Kg2 Qd8 35.a3 Na6 36.Ne2 Nc7
37.c4 Qe7 38.Qc3 Na6 39.Ne1 Qd8 40.Ng1 Qd4 41.Qc1 Qd8 42.Ngf3 Qe7 43.Qc3 Nb8
44.Nc2 a5 45.Ne3  1/2-1/2

[Event "Villa Ballester op"]
[Site "Villa Ballester"]
[Date "1998.??.??"]
[Round "4"]
[White "Della Morte, Pablo"]
[Black "Ricardi, Pablo"]
[Result "0-1"]
[WhiteElo "2155"]
[BlackElo "2555"]

1.e4 c5 2.Nf3 Nc6 3.Nc3 d6 4.d4 cxd4 5.Nxd4 Nf6 6.g3 Bg4 7.f3 Nxd4 8.Qxd4 Bd7
9.Be3 g6 10.Bc4 Bg7 11.Qd2 O-O 12.g4 Rc8 13.Bb3 b5 14.g5 Nh5 15.Bxa7 b4 16.Nd5 Bxb2
17.Bb6 Qe8 18.Rb1 Bc3 19.Nxc3 Rxc3 20.O-O Bh3 21.Rf2 Qb5 22.Bd4 Rc5 23.Bxc5 Qxc5
24.Qd5 Qa7 25.Rd1 Nf4 26.Qd2 e5 27.Kh1 Rc8 28.Rg1 h5 29.gxh6 Kh7 30.Rg3 Rc3
31.Kg1 Re3 32.Bc4 Qc5 33.Kh1 Be6 34.Bb3 Rc3 35.Rg1 Nh3 36.Rgg2 Nf4 37.Rg1 d5
38.exd5 Bxd5 39.Bxd5 Nxd5 40.Re1 Nf4 41.Re4 Nh3 42.Kg2 Nxf2 43.Qxf2 Rxc2
44.Re2 Qxf2+ 45.Kxf2 Rxe2+ 46.Kxe2 Kxh6 47.Kd3 Kg5 48.Kc4 Kf4 49.Kxb4 Kxf3
50.a4  0-1

[Event "CHI-ch"]
[Site "Vina del Mar"]
[Date "1998.??.??"]
[Round "9"]
[White "Schmidlin, Eric"]
[Black "Weiss, Fernando"]
[Result "0-1"]
[WhiteElo "2155"]
[BlackElo "2155"]

1.e4 c5 2.Nc3 Nc6 3.Nf3 Nf6 4.g3 e5 5.Bg2 d6 6.O-O Be7 7.d3 h6 8.h3 Be6 9.Re1 Qd7
10.Kh2 Nd4 11.a4 O-O 12.Nxd4 cxd4 13.Nd5 Rac8 14.Nxe7+ Qxe7 15.Bd2 Nd7 16.c4 f5
17.f3 fxe4 18.fxe4 Nc5 19.Ra3 Rf2 20.Re2 Rf7 21.b4 Nd7 22.a5 Rcf8 23.Ra2 Nf6
24.Be1 Bg4 25.hxg4 Nxg4+ 26.Kg1 Qg5 27.Rf2 Qh5 28.Bf3 Nxf2 29.Bxh5 Nxd1 30.Bxf7+ Rxf7
31.b5 Ne3 32.Rf2 Rxf2 33.Kxf2 Kf7 34.Bd2 Ng4+ 35.Kf3 Nf6 36.Bb4 Ke6 37.c5 dxc5
38.Bxc5 a6 39.bxa6 bxa6 40.Bf8 Kf7 41.Bd6 Nd7 42.Kg4 Ke6 43.Bb4 g6 44.Kh4 Nf6
45.Bd2 g5+ 46.Kh3 Nd7 47.Bb4 Kf6 48.Bd6 Kg6 49.Kg4 h5+ 50.Kh3 Kf6 51.Bb4 Ke6
52.Ba3 Nf6 53.Bc1 Ng4 54.Kg2 Kf6 55.Kf3 Nh6 56.Kg2 Nf7 57.Kh3 Ke6 58.Ba3 Kd7
59.Bc1 Kc6 60.Bd2 Kb5 61.Kg2 g4 62.Kf2 Nd8 63.Ke2 Nc6 64.Kd1 Ka4 65.Bg5 Kxa5
66.Bf6 Kb4 67.Kc2 a5 68.Bg7 h4 69.gxh4 g3 70.Bh6 g2  0-1

[Event "Wattens op 13th"]
[Site "Wattens"]
[Date "1998.??.??"]
[Round "2"]
[White "Fuchs, Georg"]
[Black "Wolfram, Bernd"]
[Result "1-0"]
[WhiteElo "2180"]
[BlackElo "1840"]

1.e4 c5 2.Nf3 Nc6 3.Nc3 g6 4.d4 cxd4 5.Nxd4 Bg7 6.Be3 Nf6 7.Be2 O-O 8.O-O d5
9.exd5 Nxd5 10.Nxd5 Qxd5 11.Bf3 Qd7 12.Nxc6 bxc6 13.c3 Rb8 14.Qe2 Qc7 15.Rfd1 Bf5
16.Rd2 c5 17.Qc4 Rfc8 18.Rad1 h5 19.h3 e5 20.Be4 Bxe4 21.Rd7  1-0

[Event "Wattens op 13th"]
[Site "Wattens"]
[Date "1998.??.??"]
[Round "4"]
[White "Veselovsky, Sergey"]
[Black "Knoll, Hermann"]
[Result "1-0"]
[WhiteElo "2425"]
[BlackElo "2325"]

1.e4 c5 2.Ne2 Nc6 3.Nbc3 g6 4.d4 cxd4 5.Nxd4 Bg7 6.Be3 Nf6 7.Bc4 Qa5 8.O-O O-O
9.Nb3 Qc7 10.Be2 d6 11.Kh1 Bd7 12.Bg5 Qb8 13.f4 Re8 14.e5 dxe5 15.Bxf6 Bxf6
16.Qxd7 exf4 17.Qg4 Nb4 18.Rxf4 Nxc2 19.Rc1 h5 20.Qf3 Bg5 21.Rxf7 Bxc1 22.Bc4 Kh8
23.Nxc1 Qd6 24.N1e2 Rac8 25.Bb3 Nd4 26.Nxd4 Qxd4 27.h3 b5 28.Qg3 Rc6 29.Qg5  1-0

[Event "Wattens op 13th"]
[Site "Wattens"]
[Date "1998.??.??"]
[Round "8"]
[White "Fuchs, Georg"]
[Black "Pilz, Dieter"]
[Result "0-1"]
[WhiteElo "2180"]
[BlackElo "2260"]

1.e4 c5 2.Nf3 Nc6 3.Nc3 g6 4.d4 cxd4 5.Nxd4 Bg7 6.Be3 Nf6 7.Be2 O-O 8.Nb3 d6
9.Qd2 a5 10.a4 Be6 11.Nd4 Nxd4 12.Bxd4 Rc8 13.Qe3 Nd7 14.Bxg7 Kxg7 15.h4 Qb6
16.Qc1 f6 17.f4 Rc5 18.Bb5 Rfc8 19.h5 Rxh5 20.Rxh5 Qg1+ 21.Kd2 Qf2+ 22.Ne2 gxh5
23.Ra3 Nc5 24.Qh1 Nxe4+ 25.Kc1 Bg4 26.Qg1 Qxg1+ 27.Nxg1 Nc5 28.Re3 e5 29.Ne2 Rc7
30.g3 Ne6 31.Kd2 h4 32.gxh4 Bxe2  0-1

[Event "POL-chT2"]
[Site "Wisla"]
[Date "1998.??.??"]
[Round "?"]
[White "Bednarska, Malgorzata"]
[Black "Jurkiewicz, Krzystof2"]
[Result "1-0"]
[WhiteElo "2175"]
[BlackElo "2185"]

1.e4 c5 2.Nf3 Nc6 3.Nc3 e5 4.Bc4 d6 5.d3 Nf6 6.Ng5 Be6 7.Nxe6 fxe6 8.Bxe6 Nd4
9.Bc4 Qd7 10.a4 O-O-O 11.O-O h6 12.Nd5 Nxd5 13.Bxd5 g5 14.c3 Nc6 15.Qb3 Kb8
16.Be3 Be7 17.Qb5 a6 18.Qc4 Bf6 19.Rfb1 h5 20.b4 cxb4 21.Bxc6 Qxc6 22.Qxc6 bxc6
23.Rxb4+ Kc8 24.Rb6 Kc7 25.Rxa6 Ra8 26.Rxa8 Rxa8 27.Kf1 g4 28.h3 c5 29.hxg4 hxg4
30.Ke2 Kc6 31.g3 Bd8 32.Bd2 d5 33.exd5+ Kxd5 34.c4+ Ke6 35.a5 Bf6 36.Ra2 Ra6
37.Rb2 Bd8 38.Rb5 Kd6 39.Be3 Bxa5 40.Bxc5+ Kc6 41.Ke3 Ra8 42.Ke4 Bc7 43.Be3 Ra3
44.Rb1  1-0

[Event "POL-chT2"]
[Site "Wisla"]
[Date "1998.??.??"]
[Round "?"]
[White "Lipski, Tadeusz"]
[Black "Szczechowicz, Bartosz"]
[Result "1/2-1/2"]
[WhiteElo "2195"]
[BlackElo "2200"]

1.e4 c5 2.Nf3 Nc6 3.Nc3 e5 4.Bc4 d6 5.d3 Be7 6.Ng5 Bxg5 7.Qh5 g6 8.Qxg5 Qxg5
9.Bxg5 Be6 10.O-O-O h6 11.Be3 Nge7 12.Bxe6 fxe6 13.f4 O-O-O 14.Rhf1 Rdf8
15.h3 exf4 16.Bxf4 Ne5 17.Nb5 Kd7 18.g3 a6 19.Bxe5 dxe5 20.Nc3 Nc6 21.Ne2 Ke7
22.Kd2 Rxf1 23.Rxf1 Rd8 24.Ng1 c4 25.Nf3 cxd3 26.cxd3 Rf8 27.Ke3 Nd4 28.Rf2 Nxf3
29.Rxf3 Rxf3+ 30.Kxf3 Kd6 31.Ke3 Kc5 32.a3 b5 33.b4+ Kd6 34.Kf2  1/2-1/2

[Event "POL-chT2"]
[Site "Wisla"]
[Date "1998.??.??"]
[Round "?"]
[White "Maka, Marcin"]
[Black "Andrzejewska, Edyta"]
[Result "1/2-1/2"]
[WhiteElo "2055"]
[BlackElo "2105"]

1.e4 c5 2.Nc3 Nc6 3.Nge2 Nf6 4.g3 d5 5.exd5 Nxd5 6.Bg2 Nc7 7.d3 g6 8.O-O Bg7
9.Ne4 Ne6 10.Rb1 O-O  1/2-1/2

[Event "POL-chT2"]
[Site "Wisla"]
[Date "1998.??.??"]
[Round "?"]
[White "Pinkas, Karol"]
[Black "Zezulkin, Jurij"]
[Result "1/2-1/2"]
[WhiteElo "2320"]
[BlackElo "2505"]

1.e4 c5 2.Nf3 Nc6 3.Nc3 g6 4.d4 cxd4 5.Nxd4 Bg7 6.Be3 Nf6 7.Bc4 Qa5 8.O-O O-O
9.Bb3 d6 10.h3 Bd7 11.f4 Qh5 12.Nf3 Rac8  1/2-1/2

[Event "POL-chT2"]
[Site "Wisla"]
[Date "1998.??.??"]
[Round "?"]
[White "Maka, Marcin"]
[Black "Janiszyn, Elzbieta"]
[Result "1-0"]
[WhiteElo "2055"]
[BlackElo "2085"]

1.e4 c5 2.Nc3 Nc6 3.Nge2 d6 4.g3 g6 5.Bg2 Bg7 6.d3 e6 7.O-O Nge7 8.Be3 O-O
9.Qd2 Re8 10.f4 Rb8 11.Nd1 Bd7 12.c3 b5 13.d4 cxd4 14.cxd4 d5 15.e5 a5 16.g4 Nc8
17.Ng3 N6e7 18.Nf2 b4 19.Nd3 Nb6 20.b3 Bc8 21.Bh3 Nd7 22.f5 exf5 23.gxf5 gxf5
24.Bxf5 Nf8 25.Bg5 Qb6 26.Bxe7 Rxe7 27.Nf4 Ng6 28.Bxc8 Rxc8 29.Nf5 Rec7 30.Nxg7 Kxg7
31.Nh5+ Kh8 32.Kh1 Rg8 33.Nf6 Qe6 34.Nxg8 Kxg8 35.Rf6 Qg4 36.Rg1 Qe4+ 37.Rg2 Qb1+
38.Rg1 Qe4+ 39.Rg2 Qb1+ 40.Rg1 Qe4+ 41.Qg2 Qxd4 42.Rd6 Qxe5 43.Qxd5 Rc5 44.Rgxg6+  1-0

[Event "POL-chT2"]
[Site "Wisla"]
[Date "1998.??.??"]
[Round "?"]
[White "Pinkas, Karol"]
[Black "Gawronski, Lukasz"]
[Result "1-0"]
[WhiteElo "2320"]
[BlackElo "2130"]

1.e4 c5 2.Nc3 Nc6 3.Nge2 Nf6 4.d4 cxd4 5.Nxd4 e5 6.Ndb5 d6 7.Bg5 a6 8.Na3 b5
9.Bxf6 gxf6 10.Nd5 Bg7 11.Bd3 Ne7 12.Nxe7 Qxe7 13.O-O O-O 14.c4 f5 15.Re1 fxe4
16.Bxe4 Rb8 17.cxb5 axb5 18.Nc2 Bb7 19.Bxb7 Rxb7 20.Ne3 f5 21.Rc1 f4 22.Nd5 Qg5
23.f3 e4 24.Rxe4 Bxb2 25.Rc2 Ba3 26.Kh1 Rf5 27.Rc8+ Kg7 28.Nxf4 Rxf4 29.Qd4+ Qe5
30.Rxf4 Qxd4 31.Rxd4 Re7 32.Re4 Rd7 33.g3 Bc5 34.Kg2 Ra7 35.Re2 Ra6 36.h4 b4
37.Rc7+ Kg6 38.g4 Bd4 39.Re6+ Bf6 40.Kg3 h5  1-0

[Event "S&W Masters 8th op"]
[Site "Witley"]
[Date "1998.??.??"]
[Round "1"]
[White "Ribshtein, Nati"]
[Black "Palliser, Richard"]
[Result "1/2-1/2"]
[WhiteElo "2295"]
[BlackElo "2165"]

1.e4 c5 2.Nf3 Nc6 3.Nc3 g6 4.d4 cxd4 5.Nxd4 Bg7 6.Nb3 Nf6 7.Be2 O-O 8.O-O d6
9.Re1 Be6 10.Bg5 h6 11.Bh4 Na5 12.Bf1 Rc8 13.Nd5 Bxd5 14.exd5 Nc4 15.Rb1 Nb6
16.Bxf6 Bxf6 17.c3 Qd7 18.Nd2 Rfe8 19.Ne4 Be5 20.Qb3 Red8 21.Bb5 Qc7 22.h4 h5
23.Bd3 Qd7 24.Bb5 Qg4 25.g3 f5 26.Ng5 Bxg3 27.fxg3 Qxg3+ 28.Kf1 Qf4+ 29.Ke2 Nc4
30.Bxc4 Rxc4 31.Kd3 Rdc8 32.Qxb7 R4c7 33.Qa6 Qxh4 34.Ne6 Rc4 35.Qxa7 f4 36.Rg1 Qh3+
37.Kd2 Qh2+ 38.Kd3 Qh3+ 39.Kd2 Qh2+ 40.Kd3 Qh3+  1/2-1/2

[Event "EUCup final (Women)"]
[Site "Wuppertal"]
[Date "1998.??.??"]
[Round "3"]
[White "Puljek Salai, Zorica"]
[Black "Maksimovic, Suzana"]
[Result "1-0"]
[WhiteElo "2195"]
[BlackElo "2300"]

1.e4 c5 2.Nf3 Nc6 3.Nc3 d6 4.d4 cxd4 5.Nxd4 e5 6.Nb3 Nf6 7.Be2 Be7 8.O-O O-O
9.f4 a5 10.a4 exf4 11.Bxf4 Be6 12.Kh1 d5 13.e5 Nd7 14.Nxd5 Ndxe5 15.Nxe7+ Qxe7
16.Nd4 Rfd8 17.Nxc6 Nxc6 18.Qe1 Nb4 19.Rc1 Rac8 20.Qg3 Bf5 21.Bb5 Bg6 22.Rce1 Qc5
23.Be3 Qxc2 24.Bb6 Nd3 25.Re7 Rd5 26.Qf3 Rg5 27.Rxf7 h6 28.Rxb7 Ne5 29.Qd5+ Kh7
30.Re1 Nd3 31.Rxg7+ Kxg7 32.Bd4+ Ne5 33.Bxe5+  1-0

[Event "Zadar op"]
[Site "Zadar"]
[Date "1998.??.??"]
[Round "4"]
[White "Kutuzovic, Branko"]
[Black "Shariyazdanov, Andrey"]
[Result "0-1"]
[WhiteElo "2425"]
[BlackElo "2495"]

1.e4 c5 2.Nc3 Nc6 3.Nf3 e5 4.Bc4 Be7 5.d3 d6 6.Nd2 Nf6 7.Nf1 Bg4 8.f3 Be6
9.Ne3 O-O 10.O-O Rb8 11.a3 Nd7 12.g3 Nb6 13.Ba2 Bg5 14.f4 exf4 15.gxf4 Bf6
16.Kh1 Bxc3 17.bxc3 Bxa2 18.Rxa2 d5 19.Qf3 dxe4 20.Qxe4 Qd7 21.Bd2 f5 22.Qg2 Rbd8
23.c4 Rf6 24.Rf3 Rg6 25.Rg3 Rxg3 26.hxg3 Nd4 27.Ra1 Qf7 28.Rf1 Re8 29.Kg1 Re6
30.Rf2 h5 31.Nd5 Nxc2 32.Bc3 Ne3 33.Nxe3 Rxe3 34.Rf3 Re6 35.Qf2 Qe7 36.Kf1 Nd7
37.Qb2 b6 38.a4 Nf8 39.Qh2 Qe8 40.Qb2 Qxa4  0-1

[Event "Trinec op"]
[Site "Trinec"]
[Date "1999.01.01"]
[Round "7"]
[White "Pisk, Petr"]
[Black "Michenka, Jozef"]
[Result "1-0"]
[WhiteElo "2315"]
[BlackElo "2315"]

1.e4 c5 2.Nc3 Nc6 3.Nf3 g6 4.d4 cxd4 5.Nxd4 Bg7 6.Be3 Nf6 7.f3 O-O 8.Bc4 Qb6
9.Bb3 Ng4 10.fxg4 Bxd4 11.Bxd4 Nxd4 12.Nd5 Qc5 13.Nxe7+ Kg7 14.Nd5 d6 15.c3 Nxb3
16.axb3 Re8 17.Qd3 f5 18.O-O-O fxe4 19.Qd4+ Qxd4 20.Rxd4 Rb8 21.Ne3 Be6 22.Kc2 Rf8
23.Rhd1 Rf2+ 24.R1d2 Rxd2+ 25.Kxd2 Bxb3 26.Rxd6 Rf8 27.Rd7+ Rf7 28.Rxf7+ Kxf7
29.c4 Ke6 30.Kc3 Ba4 31.Kd4 Bc6 32.g5 b6 33.h4 Bb7 34.g3 Bc6 35.Ng4 Bb7 36.Nf6 h6
37.Nxe4 hxg5 38.Nxg5+ Kf5 39.Nf7 Kg4 40.Ne5+ Kxg3 41.Nxg6 Kg4 42.Ke5 Kh5
43.Ne7 Kxh4 44.Nf5+ Kg5 45.Nd6 Bf3 46.Nc8 Be2 47.b3 a5 48.Nxb6 Bd1 49.c5 Bxb3
50.c6 Bd1 51.c7 Bg4 52.Kd6 a4 53.Nd7  1-0

[Event "Basel Hilton op"]
[Site "Basel"]
[Date "1999.01.02"]
[Round "2"]
[White "Xheladini, Mahmut"]
[Black "Gofshtein, Leonid D"]
[Result "0-1"]
[WhiteElo "2280"]
[BlackElo "2500"]

1.e4 c5 2.Nf3 Nc6 3.Nc3 e6 4.Bc4 Nf6 5.Qe2 d6 6.O-O a6 7.a4 Be7 8.d3 O-O
9.Ba2 Rb8 10.Bf4 Nd7 11.h3 b5 12.axb5 axb5 13.Qd2 Nd4 14.Nxd4 cxd4 15.Ne2 Qb6
16.b4 Ne5 17.Bg3 Nc6 18.Rfb1 Kh8 19.f4 f5 20.exf5 Rxf5 21.Bf2 Bd7 22.Qc1 Rbf8
23.Qb2 e5 24.g4 R5f6 25.Bd5 Rh6 26.Bg2 exf4 27.Nxd4 Bh4 28.c3 Ne5 29.Bxh4 Rxh4
30.Qf2 g5 31.Rd1 f3 32.Bf1 Bxg4 33.hxg4 Nxg4 34.Qxh4 gxh4 35.Bh3 f2+ 36.Kh1 Ne3
37.Rdc1 Qb7+ 38.Kh2 Qg7 39.Ne2 Qe5+ 40.Kh1 Qd5+  0-1

[Event "Trinec op"]
[Site "Trinec"]
[Date "1999.01.02"]
[Round "8"]
[White "Walek, Milan"]
[Black "Hagarova, Zuzana"]
[Result "0-1"]
[WhiteElo "2295"]
[BlackElo "2335"]

1.e4 c5 2.Nf3 Nc6 3.Nc3 g6 4.d4 cxd4 5.Nxd4 Bg7 6.Be3 Nf6 7.Bc4 O-O 8.Bb3 a5
9.f3 d5 10.Bxd5 Nxd5 11.exd5 Nb4 12.Nde2 Bf5 13.Rc1 b5 14.a3 Nxc2+ 15.Rxc2 Bxc2
16.Qxc2 b4 17.Na4 Qxd5 18.Kf2 Rac8 19.Qb1 Rc6 20.axb4 axb4 21.b3 Rd8 22.Nb6 Qh5
23.Nc4 Ra6 24.Qe4 Bf6 25.h4 Ra2 26.g3 Qb5 27.g4 Bc3 28.h5 e5 29.hxg6 hxg6
30.g5 Qa6 31.Bb6 Rd6 32.Bc5 Rd8 33.Be7 Qa7+ 34.Kg3 Qxe7 35.Qh4 e4 36.Qh7+ Kf8
37.Rh4 Rxe2  0-1

[Event "Australian op"]
[Site "Suncoast"]
[Date "1999.01.04"]
[Round "3"]
[White "Speck, Nick"]
[Black "Caoili, Arianne"]
[Result "1-0"]
[WhiteElo "2255"]
[BlackElo "2050"]

1.e4 c5 2.Nc3 Nc6 3.Nf3 g6 4.d4 cxd4 5.Nxd4 Bg7 6.Be3 d6 7.Qd2 Nf6 8.f3 O-O
9.g4 d5 10.g5 Nh5 11.exd5 Nxd4 12.Bxd4 Bxd4 13.Qxd4 e5 14.Qd2 Bf5 15.Bc4 Rc8
16.Bb3 a6 17.O-O-O Qd6 18.Rhe1 b5 19.Ne4 Bxe4 20.Rxe4 Rfe8 21.Kb1 Re7 22.a4 Rb8
23.Qb4 Rb6 24.Qxd6 Rxd6 25.axb5 axb5 26.Rde1 Red7 27.Rb4 Rb7 28.c4 Nf4 29.Rxe5 Nd3
30.Re8+ Kg7 31.Rxb5  1-0

[Event "Rilton Cup 9899"]
[Site "Stockholm"]
[Date "1999.01.05"]
[Round "8"]
[White "Hector, Jonny"]
[Black "Sjoberg, Mats"]
[Result "1-0"]
[WhiteElo "2510"]
[BlackElo "2385"]

1.e4 c5 2.Nf3 Nc6 3.Nc3 a6 4.d4 cxd4 5.Nxd4 e6 6.Be3 Nge7 7.Nb3 b5 8.Qe2 Na5
9.g3 Nxb3 10.axb3 Bb7 11.Bg2 Nf5 12.Bf4 Bb4 13.O-O Bxc3 14.bxc3 Ne7 15.c4 bxc4
16.Qxc4 O-O 17.Bd6 Re8 18.Rfd1 Nc6 19.b4 Qf6 20.e5 Qd8 21.Qc5 Rc8 22.f4 Ra8
23.c4 f5 24.Rd2 Qc8 25.Qb6 Nd8 26.Bxb7 Nxb7 27.Bc7 h6 28.Rda2 g5 29.fxg5 Nd8
30.b5  1-0

[Event "Excelsior Cup"]
[Site "Goteborg"]
[Date "1999.01.08"]
[Round "2"]
[White "Rytshagov, Mikhail"]
[Black "Ziegler, Ari"]
[Result "1-0"]
[WhiteElo "2533"]
[BlackElo "2402"]

1.e4 c5 2.Nf3 Nc6 3.Nc3 Nf6 4.Bb5 e5 5.Bxc6 dxc6 6.Nxe5 Nxe4 7.Nxe4 Qd5 8.O-O Qxe5
9.d3 Be7 10.Bd2 O-O 11.Bc3 Qf5 12.Qe2 Qg6 13.f4 Bd7 14.Qf2 Qf5 15.Rae1 Rfe8
16.Ng3 Qd5 17.Re5 Qd6 18.Ne4 Qc7 19.Qg3 f6 20.f5 Qb8 21.Rxe7 Rxe7 22.Nxf6+ Kh8
23.Qh4 h6 24.Ng4  1-0

[Event "Tapolca op"]
[Site "Budapest"]
[Date "1999.01.09"]
[Round "2"]
[White "Tornai, Imre"]
[Black "Nguyen Anh Dung"]
[Result "0-1"]
[WhiteElo "2215"]
[BlackElo "2495"]

1.e4 c5 2.Nf3 Nc6 3.Nc3 Nf6 4.g3 d5 5.exd5 Nxd5 6.Bg2 Nxc3 7.bxc3 g6 8.Qe2 Bg7
9.Qb5 O-O 10.Qxc5 Bf5 11.O-O Bxc2 12.Ne1 Ba4 13.Rb1 Rc8 14.Qa3 b5 15.d4 e5
16.d5 Na5 17.Be3 e4 18.Bxa7 Qxd5 19.Rc1 Nc4 20.Qb4 Nd2 21.Be3 Nxf1 22.Bxf1 Qxa2
23.Ng2 Qb3 24.Bc5 Rfd8 25.Ne3 Qxb4 26.cxb4 Bf8 27.h4 f5 28.h5 Kf7 29.Kg2 Rd7
30.Be2 Bxc5 31.bxc5 Rdc7 32.hxg6+ hxg6 33.Rh1 Kg7 34.Nd5 Rxc5 35.Nf4 Rc2
36.g4 g5 37.Ne6+ Kf6 38.Rh6+ Ke5 39.Bd1 R2c6 40.Bxa4 Rxe6 41.Rxe6+ Kxe6 42.gxf5+ Kxf5
43.Bxb5 Kf4  0-1

[Event "BL2-W9899"]
[Site "Germany"]
[Date "1999.01.10"]
[Round "4.1"]
[White "Balashov, Yuri S"]
[Black "Degraeve, Jean Marc"]
[Result "1/2-1/2"]
[WhiteElo "2578"]
[BlackElo "2536"]

1.e4 c5 2.Nc3 Nc6 3.Nf3 g6 4.Bb5 Bg7 5.O-O Nd4 6.Bc4 a6 7.Nxd4 cxd4 8.Ne2 Nf6
9.d3 d5 10.exd5 Nxd5 11.Re1 O-O 12.Bg5 Be6 13.Bxd5 Bxd5 14.Nf4 f6 15.Nxd5 Qxd5
16.Bd2 e5 17.f4 exf4 18.Bxf4 Rfe8 19.Qf3 Qxf3 20.gxf3 Kf7 21.Kf1 Rac8 22.Rxe8 Kxe8
23.Rc1 Rc5 24.c4 dxc3 25.Rxc3 Rxc3 26.bxc3 f5 27.c4 Bd4 28.a4 Kf7 29.h3 Kf6
30.Kg2 g5 31.Bc7 Ke7 32.Ba5 h5 33.Bd2 Kf6 34.Ba5 b6 35.Bd2 a5 36.Bc1 Kg6
37.Ba3 f4 38.Bd6 Kf5 39.Bc7 Bc5 40.Kf1 Bd4 41.Kg2 g4 42.hxg4+ hxg4 43.Bd6 g3
44.Bc7 Be3 45.Kh3 Bc5  1/2-1/2

[Event "Troll Masters"]
[Site "Gausdal"]
[Date "1999.01.13"]
[Round "7"]
[White "Hersvik, Daniel"]
[Black "Hansen, Sune Berg"]
[Result "0-1"]
[WhiteElo "2080"]
[BlackElo "2520"]

1.e4 c5 2.Nf3 Nc6 3.Nc3 e6 4.Be2 Nf6 5.O-O a6 6.a4 Qc7 7.Re1 Be7 8.Bf1 d6
9.h3 O-O 10.d3 Rb8 11.Bf4 Nd7 12.Ng5 Nd4 13.Be3 b5 14.axb5 axb5 15.f4 b4
16.Ne2 h6 17.Bxd4 cxd4 18.Nf3 e5 19.b3 Bb7 20.fxe5 dxe5 21.g4 Rfc8 22.Ra2 Ra8
23.Rb2 Ra6 24.Ng3 g6 25.Nd2 Qc3 26.Qc1 Bg5 27.Rd1 Rca8  0-1

[Event "South Wales 2nd"]
[Site "Newport"]
[Date "1999.01.14"]
[Round "7"]
[White "Cobb, Charles"]
[Black "Devereaux, Maxim"]
[Result "1/2-1/2"]
[WhiteElo "2275"]
[BlackElo "2220"]

1.e4 c5 2.Nc3 Nc6 3.Nf3 Nf6 4.d4 cxd4 5.Nxd4 e5 6.Ndb5 d6 7.Nd5 Nxd5 8.exd5 Nb8
9.c4 Be7 10.Be2 a6 11.Nc3 O-O 12.O-O f5 13.f4 Bf6 14.Qc2 g6 15.Rb1 Nd7 16.b4 b6
17.Be3 Qc7 18.Rfc1 Re8 19.Qd2 exf4 20.Bxf4 Ne5 21.Nd1 Rb8 22.Rb3 Qg7 23.Nf2 g5
24.Rg3 h6 25.h4 Nf7 26.hxg5 hxg5 27.Bh5 Bd7 28.Bxf7+ Kxf7 29.Bxg5 Bxg5 30.Rxg5 Qh8
31.Rf1 Rg8 32.Nh3 Rxg5 33.Nxg5+ Kg6 34.Nf3 Re8 35.Qf4 Qf6 36.Nh4+ Kg7 37.Nxf5+ Bxf5
38.Qxf5 Qxf5 39.Rxf5 Re4 40.c5 bxc5 41.bxc5 dxc5 42.d6 Rd4 43.Rxc5 Rxd6 44.Ra5 Rf6
45.Kh2 Rg6 46.Kh3 Rc6 47.g3 Kg6 48.Kg4 Rc4+ 49.Kf3 Rc6 50.Ke4 Rb6 51.Kd4 Rf6
52.Kc4 Kf7 53.Rg5 Rf2 54.a4 Rb2 55.Rf5+ Ke7 56.Rg5 Kf7 57.Rh5 Rg2 58.Rh3 Rb2
59.Rh7+ Ke8 60.Ra7 Rg2 61.Rxa6 Rxg3 62.Rd6 Rg7 63.Kb5 Rd7 64.Rc6 Kd8 65.Kb6 Rd1
66.a5 Rb1+ 67.Ka7 Kd7 68.Rc2 Rb3 69.Rc5 Rb1 70.a6 Rb2 71.Ka8 Rb1 72.Rh5 Kc7
73.Rh7+ Kc8 74.Rh8+  1/2-1/2